|
|
|
|
| LEADER |
00000nab a2200000Iu 4500 |
| 001 |
vtls011457952 |
| 003 |
SK-MaSNL |
| 005 |
20260426071756.0 |
| 008 |
230218|2014 xo |||||||||||||||||slo| |
| 015 |
|
|
|a SNBRB
|
| 035 |
|
|
|a (urnnbn)urn:nbn:sk:snk:ar-a0a3sm
|
| 035 |
|
|
|a (uuid)56ab72c7-4c99-4f21-9f1a-d23a25dd4db4
|
| 035 |
|
|
|a urn:nbn:sk:snk-abcsfb
|
| 040 |
|
|
|a SNKBUCL
|b slo
|c SNKBUCL
|e AACR2
|
| 041 |
0 |
|
|a slo
|
| 044 |
|
|
|a xo
|c SK
|
| 080 |
|
|
|a 330.564.2
|2 2001
|
| 080 |
|
|
|a 314
|2 2001
|
| 080 |
|
|
|a 330.567.25
|2 2001
|
| 080 |
|
|
|a 332.1
|2 2001
|
| 080 |
|
|
|a (437.6)
|2 2001
|
| 100 |
1 |
|
|a Pauhofová, Iveta,
|d 1960-
|4 aut
|9 115675
|
| 245 |
1 |
0 |
|a Súvislosti príjmovej stratifikácie populácie Slovenskej republiky
|c Iveta Pauhofová, Dávid Martinák
|
| 246 |
3 |
|
|a Context of Income Stratification of the Population in the Slovak Republic
|
| 504 |
|
|
|a Bibliogr. odkazy
|
| 650 |
0 |
7 |
|a príjmy
|2 SNKPH
|9 2317
|
| 650 |
0 |
7 |
|a populácia
|2 SNKPH
|9 17913
|
| 650 |
0 |
7 |
|a úspory
|2 SNKPH
|9 31171
|
| 650 |
0 |
7 |
|a regionálne rozdiely
|2 SNKPH
|9 28943
|
| 651 |
|
7 |
|a Slovensko
|2 SNKPH
|9 14231
|
| 700 |
1 |
|
|a Martinák, Dávid
|4 aut
|9 433284
|
| 773 |
0 |
|
|t Ekonomický časopis : časopis pre ekonomickú teóriu, hospodársku politiku, spoločensko-ekonomické prognózovanie
|g Roč. 62, č. 8 (2014), s. 842-860
|
| 954 |
|
|
|a odborná, vedecká literatúra pôvodná (slovenská)
|2 lita
|
| 958 |
|
|
|a NB
|
| 958 |
|
|
|a OND
|
| 958 |
|
|
|a EUIPO
|
| 958 |
|
|
|a article16
|
| 999 |
|
|
|c 2681921
|d 2683851
|